| 000 | 00781nam a22002177a 4500 | ||
|---|---|---|---|
| 999 |
_c12623 _d12623 |
||
| 003 | AR-CdUCM | ||
| 008 | 190409b ||||| |||| 00| 0 spa d | ||
| 040 |
_aMUNICIPALIDAD PROVINCIAL DEL CUSCO _cBIBLIOTECA MUNICIPAL DEL CUSCO |
||
| 082 |
_a371.264 / _bT685 / 1946 |
||
| 100 |
_aTorner, Eduardo M. _930553 |
||
| 245 | _aEl folklore en la escuela / | ||
| 260 |
_aBuenos Aires : _bLosada, _c1946 |
||
| 300 |
_a204 páginas ; _c17 cm. |
||
| 440 |
_aLa escuela activa _n17 _930554 |
||
| 505 | _aContenido: Cuentos de encantamiento y prodigios -- Cuentos graciosos -- Cuentos de animales -- La noche de San Juan... | ||
| 650 |
_aCuentos _9217 |
||
| 650 |
_aMúsica en la escuela _930555 |
||
| 650 |
_aDanza en la escuela _930556 |
||
| 942 |
_2ddc _cLIBROS |
||
| 945 |
_adavv _d09/04/2019 |
||